Responses for Show #4273 - Wednesday, March 12, 2003

Contestants

[<< previous game]

Karen Turay, an environmental scientist from Arlington, Virginia

David Dayen, a video editor originally from Philadelphia, Pennsylvania

Randy Harris, an estate and trust attorney from Madison, New Jersey (whose 1-day cash winnings total $20,800)

[next game >>]

Jeopardy! Round responses

SCULPTURE
BASKETBALL MOVIES
FUN WITH THE DEWEY DECIMAL SYSTEM
BEFORE THEY WERE PRESIDENT
GIVE 'EM HELOISE
HOLY ____
    $200 16
chariot

Randy
    $200 6
the Harlem Globetrotters

Randy
    $200 21
(Karen: What is art?)

philosophy

DavidKaren
    $200 1
Franklin D. Roosevelt

Randy
    $200 27
wind chime

Karen
    $200 7
cow

David
    $400 17
the zoo

Randy
    $400 8
White Men Can't Jump

Karen
    $400 22
religion

Karen
    $400 2
John F. Kennedy

Karen
    $400 26
perfume

Randy
    $400 9
Toledo

Randy
    $1,800 18
the Nile

Randy
    $600 13
(Karen: What are "The Basketball Diaries?")

Hoop Dreams

DavidKaren
    $600 23
literature

Randy
    $600 3
Ronald Reagan

Randy
    $600 28
moss

David
    $600 10
mackerel

Randy
    $800 19
(David: What is a podium?)

pulpit

RandyDavid
    $800 14
Like Mike

David
    $800 24
geography

Karen
    $800 4
Grover Cleveland

David
    $800 29
(David: What are oats?)

oatmeal

DavidKaren
    $800 11
(Randy: Who is Jehosaphat?)

Moses

Randy
Triple Stumper
    $1000 20
"Belvidere"

Triple Stumper
    $1000 15
Hoosiers

Randy
    $1000 25
(Randy: What is [**]?)
[Initially ruled incorrect; reversed before Double Jeopardy!]
...
(Alex: Less than a minute to go now.)

technology (or engineering)

Randy
    $1000 5
(Randy: Who is Abraham Lincoln?)

Ulysses S. Grant

RandyDavid
    $1000 30
bookends

Karen
    $1000 12
(Karen: Um...I don't know.)
....
(Alex: It's not an exclamation, like the others.)

grail

DavidKaren

Scores at the first commercial break (after clue 15):

Randy David Karen
$1,200 $4,400 -$800

Scores at the end of the Jeopardy! Round:

Randy David Karen
$6,400 $3,600 $2,200

Double Jeopardy! Round responses

CHILDREN'S LITERATURE
LOLA-PALOOZA
(Alex: We want you to name the country in...)
REMOTE PLACES
(Alex: If you get it right...)
YOU DESERVE A METAL
COLOR MY WORLD
SILENT B
    $400 6
(David: What is "Goldilocks and the Three Bears?")
(Randy: What is "The Three Little Pigs?")

"Hansel and Gretel"

RandyDavid
Triple Stumper
    $400 26
Copacabana

David
    $400 1
Scotland

Randy
    $400 8
chromium

Karen
    $400 21
white

Randy
    $400 13
crumb cake

Randy
    $800 7
"Hans Brinker" or "The Silver Skates"

Triple Stumper
    $800 28
[The end-of-round signal sounds.]

racecar

Randy
    $800 2
India

David
    $800 9
silver

Randy
    $800 22
red (as in red herring)

Karen
    $800 14
thumbs

Karen
    $1200 18
Maurice Sendak

Triple Stumper
    $2,400 3
(David: What is Germany?)

South Africa

David
    $1200 10
aluminum

David
    $1200 23
(Alex: We have a minute to go.)

blue

Triple Stumper
    $1200 15
"Honeycomb"

Randy
    $1600 19
The Cricket

Triple Stumper
    $1600 4
Canada

Triple Stumper
    $1600 11
lithium

Randy
    $1600 24
(Randy: What is "Riders of the Purple Sage?")
....
(Alex: And you gave us the complete title of the book!)

purple

Randy
    $1600 16
catacombs

Randy
    $1,000 20
(Karen: I don't know.)
...
(Alex: [*], the mouse will follow you forever!)

If You Give a Mouse a Cookie

Karen
    $2000 27
Come Back, Little Sheba

Randy
    $2000 5
Philippines

Triple Stumper
    $2000 12
titanium

Randy
    $2000 25
Black Sea

David
    $2000 17
aplomb

Karen

Scores at the end of the Double Jeopardy! Round:

Randy David Karen
$18,800 $5,200 $5,200
(lock game)

[wagering suggestions for these scores]

Final Jeopardy! Round responses

TELEVISION
(Alex: An interesting point, ladies and gentlemen, worth considering, and that is, that had Karen came up with a correct response, we'd had had our first-ever 3-way tie on Jeopardy! Could happen tomorrow. Join us then and see!)
DavidWhat is Behind the Music
$5,200
KarenWhat is Behind the music Where are they now
$5,200
RandyWhat is Where are they now?
$8,400
Behind the Music

Final scores:

Randy David Karen
$10,400 $10,400 $0
2-day co-champion: $31,200 New co-champion: $10,400 2nd place: $2,000

Game dynamics:

Coryat scores:

Randy David Karen
$17,600 $7,600 $6,200
24 R
(including 1 DD),
3 W
12 R,
4 W
(including 1 DD)
11 R,
4 W
(including 1 DD)

Combined Coryat: $31,400

[game clues] [game scores] [suggest correction]

Game tape date: 2002-11-17
The J! Archive is created by fans, for fans. Scraping, republication, monetization, and malicious use prohibited; this site may use cookies and collect identifying information. See terms. The Jeopardy! game show and all elements thereof, including but not limited to copyright and trademark thereto, are the property of Jeopardy Productions, Inc. and are protected under law. This website is not affiliated with, sponsored by, or operated by Jeopardy Productions, Inc. Join the discussion at JBoard.tv.